Ce mec-Seb la frite - Statistiques

Statistiques générales
  • Ce quiz a été pris 56 fois
  • Le résultat moyen est 5 sur 13
Statistiques - réponses
Réponse % Correct
Ce mec...au supermarché
82%
Ce mec...au cinéma
63%
Ce mec...au restaurant
57%
Ce mec...à un enterrement
51%
Ce mec...aux toilettes
51%
Ce mec...dans son lit
41%
Ce mec...dans une salle d'attente
35%
Ce mec...à la Poste
29%
Ce mec...avec son téléphone
25%
Ce mec...dans un ascenseur
24%
Ce mec...devant son ordinateur
24%
Ce mec...devant un film
24%
Ce mec...dans la salle de bains
4%
Aucun quiz correspondant
Distribution des résultats
% des personnes avec chaque résultat
Percentile par nombre de réponses
Votre historique - résultats
Vous n’avez pas pris ce quiz